| 000 | 00474nam a22001697a 4500 | ||
|---|---|---|---|
| 003 | NUST | ||
| 020 | _qHardcover. | ||
| 038 | _aMr. Zahoor | ||
| 082 | _a510 | ||
| 100 |
_aJamil,Mubasher _917205 |
||
| 245 |
_aBlack Holes in an Accelerating Universe _cMubasher Jamil |
||
| 260 |
_aIslamabad: _bCAMP - NUST, _c2010. |
||
| 300 |
_avii, 124 p. : ill, ; _c30cm. _e CD. |
||
| 650 |
_aMathematics - PhD Thesis _916989 |
||
| 700 |
_aProf. Asghar Qadir _916164 |
||
| 942 |
_2ddc _cTHE |
||
| 999 |
_c526234 _d526234 |
||